Ubudou billboardy u dálnic?

Billboardy pri diaľniciach ako stabilné a účinné reklamné médium. Výhoda billboardu oproti reklame v meste. Snaha záujmových skupín reklamu pri diaľniciach zakázať. Umiestňovanie billboardov regulované bezpečnostnými pravidlami.

Enregistré dans:
Détails bibliographiques
Auteur principal: Jarolímková, Monika
Format: Chapitre de livre
Langue:tchèque
Sujets:
Tags: Ajouter un tag
Pas de tags, Soyez le premier à ajouter un tag!

MARC

LEADER 00000naa$a2200000$$$4500
001 0052330
005 20231018130504.1
041 0 |a cze 
044 |a CZ 
245 1 0 |a Ubudou billboardy u dálnic?  |c Monika Jarolímková 
520 |a Billboardy pri diaľniciach ako stabilné a účinné reklamné médium. Výhoda billboardu oproti reklame v meste. Snaha záujmových skupín reklamu pri diaľniciach zakázať. Umiestňovanie billboardov regulované bezpečnostnými pravidlami. 
610 2 0 |a komunikácia marketingová 
610 2 0 |a reklama 
610 2 0 |a propagácia 
610 2 0 |a informácie 
610 2 0 |a nástroje marketingové 
610 2 0 |a doprava 
610 2 0 |a bezpečnosť 
610 2 0 |a predpisy 
100 1 |a Jarolímková, Monika